000 00636nam a2200229Ia 4500
003 OSt
005 20221007071134.0
006 a|||||r|||| 00| 0
007 ta
008 221006b |||||||| |||| 00| 0 eng d
024 _a19,601
037 _cTextual
040 _aFLL
_cFLL
_beng
041 _2eng
_aeng
082 _aZ1,8, L9
100 _aMcwhinney E. Au.
_9685316
245 0 _aWorld court and the contemporary international law-making process
260 _aLeyden
_bA.W. Sijthoff Netherland
_c1979
300 _a219p
_ccm.
942 _hZ1,8, L9
_cTEXL
_2CC
999 _c1142553
_d1142553